| 000 | 00378nam a2200133 a 4500 | ||
|---|---|---|---|
| 001 | 3829 | ||
| 003 | CDMR | ||
| 005 | 20130116135249.0 | ||
| 008 | 130130s2008||||||||||||||||||||||||||||d | ||
| 040 |
_aCDMR _bcat _cCPC GIRONA |
||
| 245 | 0 |
_a10 anys d'El Centre _bD'agrupació de comerç a eix comercial de la ciutat (1998-2008) |
|
| 260 |
_c2008 _bCentre Comercial El Centre |
||
| 942 | _cMON | ||
| 999 |
_c3829 _d3829 |
||